000 00658cam a2200241 i 4500
001 37462
003 Mx-PuUPA
005 20220427113202.0
008 140415s2000 000 0 spa d
040 _aMx-PuUPA
_bspa
_cMx-PuUPA
_dMx-PuUPA
_erda
041 _aspa
245 0 0 _aNORMATIVIDAD PARA LA ELABORACION Y PRESENTACION DE :
_bINDICADORES
300 _a22
336 _2rdacontent
_atexto
_btxt
337 _2rdamedia
_asin medio
_bn
338 _2rdacarrier
_avolumen
_bnc
490 _aCOL.PUEBLA
500 _aCOLECCIÓN PUEBLA
650 1 4 _aESTADISTICAS
_xINDICADORES ECONOMICOS
942 _2ddc
_cLI
999 _c37462
_d37462